00170nam a22000857a 4500082001100000100001800011245002800029300000700057650002000064 a658.28 aPerera,Justin aChemical safety at work a25 achemical safety